000 00924nam a2200241Ia 4500
003 OSt
005 20220923215111.0
006 a|||||r|||| 00| 0
007 ta
008 220922b |||||||| |||| 00| 0 hin d
024 _a175,562
037 _cTextual
040 _aARTS
_cARTS
_bhin
041 _2hin
_ahin
082 _aO152,1b23661.M, N7
100 _aअग्रवाल, भगवतशरण
245 0 _aमध्यकालीन गुजरात का हिन्दी काव्य, संपा - भगवतशरण अग्रवाल
246 _aMadhyakālīn gujarāt kā hindī kāvya, sanpā0 - bhagavatasharaṇ agravāla
260 _aअहमदाबाद
_b साहित्य भारती
_c1997
300 _a112 u`0
_ccm.
942 _hO152,1b23661.M, N7
_cTEXL
_2CC
999 _c329266
_d329266